| 000 | 01099nam a2200265 a 4500 | ||
|---|---|---|---|
| 005 | 20151215095138.0 | ||
| 008 | 110620s2008 ck gr 00010 spa d | ||
| 020 | _a9789588067247 | ||
| 040 |
_aCO-BoBLA _cCO-BoBLA |
||
| 041 | 0 | _aspa | |
| 044 | _ack | ||
| 082 | 0 | 4 |
_a333.91 _bC83i |
| 100 | 1 | _aCosta Posada, C. | |
| 245 | 0 | 0 |
_aInforme anual sobre el estado del medio ambiente y los recursos naturales renovables en Colombia : _bestudio nacional del agua, relaciones de demanda de agua y oferta hídrica / _cC. Costa Posada ... [et al.]. |
| 260 |
_aBogotá : _bIdeam : _bMinisterio de Ambiente, Vivienda y Desarrollo Territorial, _c2008. |
||
| 300 |
_a160 páginas ; _c28 x 21 cm. _e1 CD-ROM |
||
| 504 | _aIncluye bibliografías. | ||
| 650 | 4 |
_aMedio ambiente _z Colombia _v Informes. |
|
| 650 | 4 |
_aRecursos hídricos _z Colombia _v Informes. |
|
| 650 | 4 |
_aAbastecimiento de agua _z Colombia _v Informes. |
|
| 700 | 1 | _aVanegas Sarmiento, R. | |
| 700 | 1 | _aDomínguez Calle, E. | |
| 700 | 1 |
_aRivera, Hebert Gonzalo _d1970- |
|
| 942 |
_2ddc _cLIBRO |
||
| 999 |
_c6729 _d6729 |
||